The fall of the Congo Arabs, (Record no. 124017)
[ view plain ]
| 000 -LEADER | |
|---|---|
| fixed length control field | 00748cam a2200253I 4500 |
| 001 - CONTROL NUMBER | |
| control field | 4739713 |
| 003 - CONTROL NUMBER IDENTIFIER | |
| control field | ARRUPE |
| 005 - DATE AND TIME OF LATEST TRANSACTION | |
| control field | 20160122122701.0 |
| 008 - FIXED-LENGTH DATA ELEMENTS--GENERAL INFORMATION | |
| fixed length control field | 810601s1897 enkbc 000 0 eng |
| 010 ## - LIBRARY OF CONGRESS CONTROL NUMBER | |
| LC control number | 04017683 |
| 035 ## - SYSTEM CONTROL NUMBER | |
| System control number | (OCoLC)ocm07465452 |
| 035 ## - SYSTEM CONTROL NUMBER | |
| System control number | (NNC)4739713 |
| 040 ## - CATALOGING SOURCE | |
| Original cataloging agency | DLC |
| Transcribing agency | ZYU |
| Modifying agency | OCL |
| 050 0# - LIBRARY OF CONGRESS CALL NUMBER | |
| Classification number | SPC DT657 |
| Item number | .H66 |
| 098 ## - OTHER CLASSIFICATION SCHEMES (OCLC) | |
| Call number based on other classification scheme | Jh |
| 300 ## - PHYSICAL DESCRIPTION | |
| Other physical details | front., ports., maps (part fold.) |
| Dimensions | 23 cm. |
| 100 1# - MAIN ENTRY--PERSONAL NAME | |
| Personal name | Hinde, Sidney Langford, |
| Dates associated with a name | 1863-1930. |
| 9 (RLIN) | 21744 |
| 245 14 - TITLE STATEMENT | |
| Title | The fall of the Congo Arabs, |
| Statement of responsibility, etc | by Sidney Langford Hinde |
| 260 ## - PUBLICATION, DISTRIBUTION, ETC. (IMPRINT) | |
| Place of publication, distribution, etc | London, |
| Name of publisher, distributor, etc | Methuen & co., |
| Date of publication, distribution, etc | 1897. |
| 300 ## - PHYSICAL DESCRIPTION | |
| Extent | viii, 308 p.; |
| 650 #0 - SUBJECT ADDED ENTRY--TOPICAL TERM | |
| Topical term or geographic name as entry element | Slave trade. |
| 9 (RLIN) | 21745 |
| 651 #0 - SUBJECT ADDED ENTRY--GEOGRAPHIC NAME | |
| Geographic name | Congo (Democratic Republic) |
| General subdivision | History. |
| 9 (RLIN) | 14623 |
| 942 ## - ADDED ENTRY ELEMENTS (KOHA) | |
| Source of classification or shelving scheme | Library of Congress Classification |
| Koha item type | Monograph ( Printed materials) |
| Withdrawn status | Lost status | Source of classification or shelving scheme | Damaged status | Not for loan | Collection code | Home library | Current library | Shelving location | Date acquired | Total Checkouts | Full call number | Barcode | Date last seen | Price effective from | Koha item type |
|---|---|---|---|---|---|---|---|---|---|---|---|---|---|---|---|
| Library of Congress Classification | Main Collection | ARRUPE LIBRARY | ARRUPE LIBRARY | Main Collection | 22/01/2016 | SPC DT657.H66 | 46500006019 | 22/01/2016 | 22/01/2016 | Monograph ( Printed materials) |